000 00808nam a22002417a 4500
003 OSt
005 20160909094950.0
008 160420b xxu||||| |||| 00| 0 eng d
020 _a971-725-128-2
040 _cLIC
082 _22006
_aDFil 808
_bOr6t
100 _96108
_aOrnos, Petra Salvacion
245 _aTechnical writing strategies in the modern world/
_cPetra Salvacion-Ornos, Cerila Bello-Esgra, Carmencita M. Damayo.
250 _aFirst Edition.
260 _aMakati City:
_bGrandwater Publications and Research Corporation,
_cc2006.
300 _aiv, 262 pages:
_billustrations;
_c25 cm.
365 _b295.00
_cPhp
500 _aIncludes bibliography.
650 0 _96112
_aTechnical writing
700 _96113
_aEsgra, Cerila Bello
700 _96114
_aDamayo, Carmencita M.
942 _2ddc
_cDFIL
999 _c1911
_d1911